| 000 | 00347nam a2200133Ia 4500 | ||
|---|---|---|---|
| 008 | 191014s9999 xx 000 0 und d | ||
| 020 | _a0-521-33705-4 | ||
| 082 |
_a515.73 _bFAL |
||
| 100 |
_aK.J.Falconer _920371 |
||
| 245 | 4 | _aThe Geometry of Fractal Sets | |
| 260 |
_aUK _bCambridge University Press _c1990 |
||
| 300 | _aXiv,162 | ||
| 942 | _cBK | ||
| 999 |
_c530949 _d530949 |
||